La forma y la mirada /

Reflexión teórica sobre los rasgos esenciales de la modernidad arquitectónica, al dar cuenta tanto de su emergencia y desarrollo como de su vigencia, resultante de la suma de dos libros del autor publicados con anterioridad: Curso básico de proyectos (1998) y Miradas intensivas (1999). El autor plan...

Täydet tiedot

Tallennettuna:
Bibliografiset tiedot
Päätekijä: Piñón, Helio (autor)
Aineistotyyppi: Kirja
Kieli:espanja
Julkaistu: Buenos Aires, Argentina : Nobuko, 2005, c2005
Aiheet:
Tagit: Lisää tagi
Ei tageja, Lisää ensimmäinen tagi!

MARC

LEADER 00000nam^a2200000^a^4500
001 000189859
005 20250521000000.0
009 20260310102429.241
020 |a 987-584-028-9 
037 |a Acervo ITESO - Biblioteca 
041 |a ESP 
082 |a 720. 1  |b PIÑ 
100 |a Piñón, Helio  |e (autor) 
240 1 1 |a [Curso básico de proyectos] 
240 1 1 |a [Miradas intensivas] 
245 1 3 |a La forma y la mirada /  |c H. Piñón. 
264 4 |a Buenos Aires, Argentina :  |b Nobuko,  |c 2005, c2005 
300 |a 160 p. 
336 |a texto  |b txt  |2 rdacontenido 
337 |a sin mediación  |b n  |2 rdamedio 
338 |a volumen  |b nc  |2 rdasoporte 
520 |a Reflexión teórica sobre los rasgos esenciales de la modernidad arquitectónica, al dar cuenta tanto de su emergencia y desarrollo como de su vigencia, resultante de la suma de dos libros del autor publicados con anterioridad: Curso básico de proyectos (1998) y Miradas intensivas (1999). El autor plantea en el primero de los dos trabajos el conocimiento de los fundamentos de la modernidad arquitectónica como una condición imprescindible en cualquier curso de proyectos, para dar paso al desarrollo de una parte esencial de su punto de vista sobre la arquitectura del siglo XX, inseparable de la anterior: la perdida progresiva de la visualidad de la arquitectura, paralela al abandono de los criterios de proyectos modernos a fines de la década de 1950. 
649 |a XX 
650 |a Arquitectura Moderna -  |x Historia y Crítica 
650 |a Arquitectura Moderna -  |x Teoría 
650 |a Arquitectura -  |x Teoría -  |x Tema Principal 
650 |a Arte Moderno -  |x Historia y Crítica 
650 |a Arte Moderno -  |x Teoría 
650 |a Forma (Estética) 
650 |a Estética 
650 |a Arte 
910 |a Fondo General 
920 |a Impresos - Libros 
930 |a Colección General 
905 |a 101 
901 |a 0500132896  |b IT1  |c ACC  |u 20250521 
902 |a https://opac.biblio.iteso.mx/vufind/Record/000189859